000 00982nam a2200265Ia 4500
003 OSt
005 20221005103826.0
006 a|||||r|||| 00| 0
007 ta
008 221004b |||||||| |||| 00| 0 san d
020 _a8178541092 (hbk)
_cINR 350.00
024 _a44919
037 _b273, 09/02/2019, Eastern Book Linkers
_cTextual
040 _aCRL
_cCRL
_bsan
041 _2san
_asan
082 _aP15,Cx1,1,7, 152P6
100 _aशर्मा, जयभगवान, ले.
245 0 _aलोप की परम्परा और पाणिनि
246 _aLop kī paramparā aur pāṇini
260 _aदिल्ली
_bईस्टर्न बुक लिंकर्स भारत
_c2006
300 _a176पृ0
_ccm.
650 _aपाणिनी
942 _hP15,Cx1,1,7, 152P6
_cTEXL
_2cc
999 _c1011026
_d1011026